Packaging Politics : (Record no. 16388)

MARC details
000 -LEADER
fixed length control field 00978nam a22002657a 4500
008 - FIXED-LENGTH DATA ELEMENTS--GENERAL INFORMATION
fixed length control field 120205m19942004nyu|||||r|||| 00| 0 eng d
020 ## - INTERNATIONAL STANDARD BOOK NUMBER
International Standard Book Number 0340761946
020 ## - INTERNATIONAL STANDARD BOOK NUMBER
International Standard Book Number 9780340761946
082 ## - DEWEY DECIMAL CLASSIFICATION NUMBER
Classification number 302.23
Item number FRA
100 ## - MAIN ENTRY--PERSONAL NAME
9 (RLIN) 28612
Personal name Franklin, Bob
245 ## - TITLE STATEMENT
Title Packaging Politics :
Remainder of title Political Communications in Britain's Media Democracy / Bob Franklin
250 ## - EDITION STATEMENT
Edition statement Second Edition
260 ## - PUBLICATION, DISTRIBUTION, ETC. (IMPRINT)
Place of publication, distribution, etc New York
Name of publisher, distributor, etc Bloomsbury
Date of publication, distribution, etc 2004
300 ## - PHYSICAL DESCRIPTION
Extent viii, 279 p. ;
Dimensions 24 cm.
504 ## - BIBLIOGRAPHY, ETC. NOTE
Bibliography, etc Includes bibliographical references(p.231-266) and index.
650 ## - SUBJECT ADDED ENTRY--TOPICAL TERM
Topical term following geographic name as entry element Government publicity
9 (RLIN) 28619
650 ## - SUBJECT ADDED ENTRY--TOPICAL TERM
Topical term following geographic name as entry element Communication in politics
9 (RLIN) 28620
650 ## - SUBJECT ADDED ENTRY--TOPICAL TERM
Topical term following geographic name as entry element Mass media
9 (RLIN) 28621
650 ## - SUBJECT ADDED ENTRY--TOPICAL TERM
Topical term following geographic name as entry element Political aspects
9 (RLIN) 28622
651 ## - SUBJECT ADDED ENTRY--GEOGRAPHIC NAME
Geographic name Great Britain.
9 (RLIN) 28624
651 ## - SUBJECT ADDED ENTRY--GEOGRAPHIC NAME
9 (RLIN) 28626
653 ## - INDEX TERM--UNCONTROLLED
Arrived date list January2012
Resource For college
942 ## - ADDED ENTRY ELEMENTS (KOHA)
Source of classification or shelving scheme Dewey Decimal Classification
Item type Book - Borrowing
Holdings
Withdrawn status Item status Source of classification or shelving scheme Damaged status Not for loan Vendor Home library Current library Shelving location Date acquired Source of acquisition Cost, normal purchase price Serial Enumeration / chronology Total Checkouts Full call number Barcode Date last seen Date last borrowed Koha item type
    Dewey Decimal Classification       Central Library Central Library First floor 05/02/2012   240.00 1817/2012 1 302.23 FRA 000025857 15/07/2025 05/12/2012 Book - Borrowing